| 000 | 01062nam a22002777a 4500 | ||
|---|---|---|---|
| 999 |
_c111517 _d111517 |
||
| 003 | dpl | ||
| 005 | 20190211133542.0 | ||
| 008 | 190211b ||||| |||| 00| 0 eng d | ||
| 010 | _aB-034427 | ||
| 020 | _c100.00 | ||
| 035 | _aB-034427, B-034431 | ||
| 037 | _bCen Lib/Ret | ||
| 040 |
_aDPL _bHN _c0 |
||
| 082 |
_a821 _bदुबेज |
||
| 100 |
_aदुबे, जनार्दन _943255 |
||
| 245 |
_aअमलतास / _cजनार्दन दुबे |
||
| 246 |
_aAmaltaas _bby Janardan Dubey |
||
| 260 |
_bसत्य प्रकाशन _aदिल्ली _c2001 |
||
| 270 |
_aएफ-78, गली न.2, सुभाष विहार, उत्तरी घोण्डा _bदिल्ली _e110053 |
||
| 300 |
_a103पृ. _c20सेमी (सजिल्द) |
||
| 650 |
_aहिंदी - कविता _943256 |
||
| 650 |
_aहिंदी साहित्य _943257 |
||
| 650 |
_aHindi - poetry _943258 |
||
| 650 |
_aHindi literature _943259 |
||
| 942 |
_2ddc _cHN _h821 _mदुबेज |
||